书目信息 |
| 题名: |
塑料棚温室种菜新技术
|
|
| 作者: | 朱志方 主编 | |
| 分册: | ||
| 出版信息: | 北京 金盾出版社 2018重印 |
|
| 页数: | 387页 | |
| 开本: | 21cm | |
| 丛书名: | ||
| 单 册: | ||
| 中图分类: | S626.5 | |
| 科图分类: | ||
| 主题词: | 蔬菜--shu cai--塑料温室--温室栽培 | |
| 电子资源: | ||
| ISBN: | 978-7-5082-8808-6 | |
| 000 | 00958nam0 2200253 45 | |
| 001 | 012001000665 | |
| 005 | 20191108095627.31 | |
| 010 | @a978-7-5082-8808-6@dCNY35.00 | |
| 099 | @aCAL 012015140148 | |
| 100 | @a20151116d2014 em y0chiy50 ea | |
| 101 | 0 | @achi |
| 102 | @aCN@b110000 | |
| 105 | @ay z 000yy | |
| 106 | @ar | |
| 200 | 1 | @a塑料棚温室种菜新技术@Asu liao peng wen shi zhong cai xin ji shu@f朱志方主编 |
| 205 | @a第3版 | |
| 210 | @a北京@c金盾出版社@d2018重印 | |
| 215 | @a387页@c图@d21cm | |
| 330 | @a本书内容包括:温室及各种类型塑料大中小棚的结构、覆盖材料、设备和技术要求;适宜设施栽培的大路蔬菜品种、名特优稀蔬菜品种以及这些品种设施栽培的育苗、整地、施肥技术,多层覆盖保温、节能及控温技术,灌溉、嫁接、无土栽培技术;商品蔬菜产后处理技术。 | |
| 606 | 0 | @a蔬菜@Ashu cai@x塑料温室@x温室栽培 |
| 690 | @aS626.5@v4 | |
| 701 | 0 | @a朱志方@Azhu zhi fang@4主编 |
| 801 | 0 | @aCN@b北京卓展文化@c20191020 |
| 905 | @b1200791-4@dS626.5@e516=3@f4 | |
| 塑料棚温室种菜新技术/朱志方主编.-第3版.-北京:金盾出版社,2018重印 |
| 387页:图;21cm |
| ISBN 978-7-5082-8808-6:CNY35.00 |
| 本书内容包括:温室及各种类型塑料大中小棚的结构、覆盖材料、设备和技术要求;适宜设施栽培的大路蔬菜品种、名特优稀蔬菜品种以及这些品种设施栽培的育苗、整地、施肥技术,多层覆盖保温、节能及控温技术,灌溉、嫁接、无土栽培技术;商品蔬菜产后处理技术。 |
| ● |
| 相关链接 |
|
|
|
|
正题名:塑料棚温室种菜新技术
索取号:S626.5/516=3
 
预约/预借
| 序号 | 登录号 | 条形码 | 馆藏地/架位号 | 状态 | 备注 |
| 1 | 1200791 | 212007914 | 第二样本阅览室/ [索取号:S626.5/516=3] | 在馆 | |
| 2 | 1200792 | 212007923 | 第三借阅区/ [索取号:S626.5/516=3] | 在馆 | |
| 3 | 1200793 | 212007932 | 第三借阅区/ [索取号:S626.5/516=3] | 在馆 | |
| 4 | 1200794 | 212007941 | 第三借阅区/ [索取号:S626.5/516=3] | 在馆 |